| 000 | 00395nam a22001337a 4500 | ||
|---|---|---|---|
| 003 | SGT | ||
| 082 |
_a617.601 _bT12P |
||
| 100 | _aSANCHIT, PRADHAN | ||
| 245 | _aTOOTH WEAR AMONG TOBACCO CHEWERS IN THE RURAL POPULATION OF PATAUDI BLOCK GURUGRAM DISTRICT HARYANA | ||
| 260 |
_aDELHI NCR _bSGT UNIVERSITY GURUGRAM _c2012 |
||
| 300 | _a1-95 | ||
| 650 | _aPUBLIC HEALTH DENTISTRY | ||
| 942 |
_2ddc _cTH |
||
| 999 |
_c17178 _d17178 |
||